1900 1547 1381 1065 1024 1416 1370 1379 1126 1263 1120 1861 1015 1915 1757 1131 1113 1538 1599 1943 1884 1525 1025 1763 1905 1309 1802 1605 1175 1597 1120 1588 1407 1729 1730 1630 1030 1867 1058 1207 1655 1989 1687 1274 1113 1795 1600 1467 1508 1012 1867 1851 1797 1953 1347 1818 1677 1459 1400 1226 1605 1747 1403 1211 1409 1149 1867 1173 1718 1518 1286 1067 1142 1327 1260 1055 1574 1069 1015 1889 1506 1701 1038 1035 1001 1822 1891 1251 1415 1576 1131 1539 1433 1682 1890 1874 1608 1768 1450 BCNSPRNW ULIB Ver.6.0+V

เปลี่ยนเป็นภาษาไทย

Change to English
 แสดงรายละเอียดบรรณานุกรม
  กลับหน้าหลัก

Brief Record : Get Marc (ISO 2709) : E-mail record : QR code < ปิดหน้าต่าง
LEADER : 00000nam 2200000uu 4500
001    13399122375
003     ULIB
008    130228s||||||||th 000 0 tha d
060  4 ^aWY150^bน511อ
100 0  ^aนำพิชญ์ ธรรมหิเวศน์
110 1  ^aกระทรวงสาธารณสุข สถาบันพระบรมราชชนก.^bวิทยาลัยพยาบาลบรมราชชนนี สงขลา
245 00 ^aเอกสารประกอบการสอน วิชาการพยาบาลผู้ใหญ่และผู้สูงอายุ หลักสูตรประกาศนียบัตรพยาบาลศาสตร์^cนำพิชญ์ ธรรมหิเวศน์
246 0  ^aวิชาการพยาบาลผู้ใหญ่และผู้สูงอายุ
260    ^aสงขลา:^bวิทยาลัยพยาบาลบรมราชชนนี นราธิวาส,^cม.ป.ป.
300    ^a155 หน้า:^bภาพประกอบ
650  7 ^aการพยาบาลผู้ใหญ่
650  7 ^aการพยาบาลผู้สูงอายุ
945    ^p0^l0^i033620
999    ^aเกษร โพธิ์สุวรรณ
รายการนี้ยังไม่มีแท็ก
คุณยังไม่ได้ล็อกอิน คุณสามารถมีกิจกรรมร่วมกับเว็บไซต์ได้ แต่ต้องล็อกอินก่อน ::
  ล็อกอิน

รายการสื่อสารสนเทศ

ลำดับที่ ประเภท เลขเรียก/บาร์โค้ด สถานที่ สถานะ
1. วิทยาศาสตร์การแพทย์ และสุขภาพ
หนังสือสำรอง
สถานะ=หนังสือสำรอง
WY150 น511อ ฉ.1 
  Barcode: 033620
ห้องสมุดวิทยาเขตสวรรค์ประชารักษ์
►หนังสือทั่วไป
บนชั้น

รายการใกล้เคียง
    หัวเรื่อง [การพยาบาลผู้ใหญ่]
    หัวเรื่อง [การพยาบาลผู้สูงอายุ]

BibComment


ยังไม่เคยถูกคอมเมนท์

คอมเมนท์ทรัพยากรรายการนี้
  คอมเมนท์: เอกสารประกอบการส..


 Copyright 2026. Bcnsprnw @Library